Un siglo a la deriva: ensayos sobre el Perú, Bolivia y la guerra
Saved in:
| Main Author: | |
|---|---|
| Format: | Book |
| Language: | Spanish |
| Published: |
Lima
Instituto de Estudios Peruanos
1980
|
| Series: | Estudios históricos, 7
|
| Subjects: | |
| Tags: |
Add Tag
No Tags, Be the first to tag this record!
|
MARC
| LEADER | 00000nam a2200000 a 4500 | ||
|---|---|---|---|
| 001 | UCX1449 | ||
| 003 | CL-VaPUC | ||
| 008 | 900824e19800000PE |||||||||||||||||spa|d | ||
| 082 | 0 | 4 | |a 985.06 |b BON |2 21 |
| 100 | 0 | |a Bonilla, Heraclio |e author |9 316932 | |
| 245 | 1 | 3 | |a Un siglo a la deriva: ensayos sobre el Perú, Bolivia y la guerra |
| 300 | |a 236 p | ||
| 942 | |c BK | ||
| 945 | |d 19900824 00:00:00 | ||
| 260 | |a Lima |b Instituto de Estudios Peruanos |c 1980 | ||
| 650 | 0 | |a Guerra del Pacífico |9 316933 | |
| 650 | 7 | |a CONDICIONES ECONOMICAS SIGLO 19 |2 CL-VaPUC |9 314904 | |
| 650 | 7 | |a COMERCIO HISTORIA |2 CL-VaPUC |9 316934 | |
| 650 | 7 | |a POLITICA ECONOMICA HISTORIA |2 CL-VaPUC |9 316935 | |
| 651 | 0 | |a Perú |9 256567 | |
| 583 | |a last modification |c 19900824 00:00:00 |k Rodrigo Vera | ||
| 490 | 0 | |a Estudios históricos, 7 | |
| 999 | |c 222676 |d 222674 | ||
| 952 | |0 0 |1 0 |4 0 |6 985_060000000000000_BON_1980 |7 0 |8 A |9 217742 |a BIBHIS |b BIBHIS |d 2019-11-15 |i 286634K |o 985.06 BON 1980 |p 286634K |r 2025-01-20 |w 2019-11-15 |y BK |k HIS | ||